[Event "1. OEsterreichische Internet Schach Meisterschaft - Vorrunde 1"]
[Site "Online - Playchess.com"]
[Date ""]
[Round "6"]
[Board "40"]
[White "Kuecher, Wolfgang"]
[Black "Brehovsky, Paul"]
[Result "1/2-1/2"]
[WhiteElo "2117"]
[BlackElo "2149"]
[PlyCount "273"]
[EventDate "2020.04.11"]
[EventRounds "9"]
[EventCountry "AUT"]

1. d4 e6 2. Nf3 Nf6 3. c4 d5 4. Nc3 c6 5. e3 Nbd7 6. Bd3 dxc4 7. Bxc4 b5 8. Be2
a6 9. O-O Bb7 10. a3 c5 11. Qb3 Qb6 12. Rd1 Be7 13. a4 c4 14. Qc2 O-O 15. Bd2
Rac8 16. axb5 axb5 17. b3 b4 18. Na4 cxb3 19. Qxb3 Qd6 20. Nb2 Ne4 21. Nc4 Nxd2
22. Rxd2 Qd5 23. Na5 Rc3 24. Qb2 Ba8 25. Rc2 Rfc8 26. Rxc3 bxc3 27. Qc2 e5 28.
dxe5 Nxe5 29. Nb3 h6 30. Nbd4 Ng6 31. Rd1 Qa5 32. Nb3 Qa3 33. Nbd4 Qb2 34. Rc1
Qxc2 35. Rxc2 Be4 36. Rc1 Ba3 37. Ra1 Bb2 38. Ra2 c2 39. Nxc2 Rxc2 40. Ra8+ Kh7
41. Bf1 Rc1 42. Nd2 Bd3 43. Rb8 Bc3 44. Rb1 Bxd2 45. Rxc1 Bxc1 46. Bxd3 Kg8 47.
Kf1 Ne5 48. Bc2 Ba3 49. Ke2 Kf8 50. h3 Ke7 51. f4 Nc6 52. e4 g6 53. Bb1 Bc1 54.
g3 g5 55. Kf3 Kf6 56. e5+ Ke7 57. Ba2 gxf4 58. gxf4 Nd4+ 59. Kg4 Ne2 60. f5 Bb2
61. e6 f6 62. Kh5 Bc1 63. Bb1 Nd4 64. Kg6 Nf3 65. Kg7 Nh4 66. Kh7 Bg5 67. Kg7
Nf3 68. Kg6 Ng1 69. h4 Bxh4 70. Kxh6 Bg5+ 71. Kh5 Ne2 72. Kg4 Nd4 73. Bd3 Kd6
74. Bf1 Bc1 75. Bg2 Ba3 76. Bh1 Ke5 77. Bb7 Nxf5 78. Bc8 Ng7 79. Kf3 Nxe6 80.
Ke3 f5 81. Kf3 Bc5 82. Bb7 Nd4+ 83. Kf2 f4 84. Ba8 Kf5 85. Kg2 Kg4 86. Kf2 Nf5+
87. Kg2 Be3 88. Kh2 Nh4 89. Kh1 Kg3 90. Bb7 Nf3 91. Ba8 Kf2 92. Bb7 Bd4 93. Ba8
Ne5 94. Bb7 Bc3 95. Ba8 Ng4 96. Bb7 Kg3 97. Kg1 Nf2 98. Kf1 Bf6 99. Ke2 Bh4
100. Kf1 Kh2 101. Ke2 Kg3 102. Kf1 Nh3 103. Ke2 f3+ 104. Bxf3 Ng1+ 105. Ke3
Nxf3 106. Ke2 Kf4 107. Kf1 Ke3 108. Kg2 Be1 109. Kf1 Bf2 110. Kg2 Ng5 111. Kf1
Bh4 112. Kg2 Ke2 113. Kh2 Kf2 114. Kh1 Kf3 115. Kh2 Bg3+ 116. Kh1 Ne4 117. Kg1
Bf2+ 118. Kh1 Ng3+ 119. Kh2 Ne4 120. Kh1 Be3 121. Kh2 Bf4+ 122. Kh1 Nf2+ 123.
Kg1 Ke2 124. Kg2 Ne4 125. Kg1 Be3+ 126. Kh1 Kf3 127. Kh2 Nf2 128. Kg1 Ng4+ 129.
Kh1 Ne5 130. Kh2 Bf4+ 131. Kh1 Ng4 132. Kg1 Be3+ 133. Kh1 Nf2+ 134. Kh2 Bf4+
135. Kg1 Nh3+ 136. Kh1 Nf2+ 137. Kg1  1/2-1/2

[Event "1. OEsterreichische Internet Schach Meisterschaft - Vorrunde 1"]
[Site "Online - Playchess.com"]
[Date ""]
[Round "6"]
[Board "41"]
[White "Kapferer, Romed"]
[Black "Janes, Christian"]
[Result "1-0"]
[WhiteElo "2081"]
[BlackElo "1740"]
[PlyCount "63"]
[EventDate "2020.04.11"]
[EventRounds "9"]
[EventCountry "AUT"]

1. e4 e5 2. Nf3 Nc6 3. d4 exd4 4. Bc4 Be7 5. c3 Nf6 6. e5 Ng4 7. cxd4 d5 8. Bb3
Bb4+ 9. Nc3 O-O 10. O-O Bxc3 11. bxc3 Qe7 12. a4 Be6 13. Ba3 Qd7 14. Bxf8 Kxf8
15. Ng5 h6 16. Nh3 h5 17. Ng5 Kg8 18. Bc2 g6 19. Nh3 Nh6 20. Nf4 Bf5 21. Bxf5
Nxf5 22. Re1 Nd8 23. Rb1 b6 24. Qf3 Ne6 25. Nxd5 Kg7 26. Nf6 Qxa4 27. Qxa8 Qc2
28. Qg8+ Kh6 29. Qxf7 Nf4 30. Ng8+ Kg5 31. Qf6+ Kg4 32. f3#  1-0

[Event "1. OEsterreichische Internet Schach Meisterschaft - Vorrunde 1"]
[Site "Online - Playchess.com"]
[Date ""]
[Round "6"]
[Board "42"]
[White "Horvath, Maria"]
[Black "Guetz, Wolfgang"]
[Result "0-1"]
[WhiteElo "1995"]
[BlackElo "2078"]
[PlyCount "46"]
[EventDate "2020.04.11"]
[EventRounds "9"]
[EventCountry "AUT"]

1. d4 d5 2. c4 c6 3. Nf3 Nf6 4. Nc3 dxc4 5. a4 Bf5 6. e3 e6 7. Bxc4 Bb4 8. O-O
O-O 9. Qe2 Bg6 10. Rd1 Nbd7 11. Ne5 Qc7 12. f4 c5 13. Bd2 Rac8 14. Nb5 Qa5 15.
Bc3 Bxc3 16. Nxc3 Nxe5 17. dxe5 Ne4 18. Nxe4 Bxe4 19. Rd7 Rfd8 20. Qd1 Rxd7 21.
Qxd7 Rd8 22. Qe7 Qd2 23. Kh1 Qxg2#  0-1

[Event "1. OEsterreichische Internet Schach Meisterschaft - Vorrunde 1"]
[Site "Online - Playchess.com"]
[Date ""]
[Round "6"]
[Board "43"]
[White "Stolzlechner, Thomas"]
[Black "Rosol, Philip"]
[Result "1/2-1/2"]
[WhiteElo "2037"]
[BlackElo "1468"]
[PlyCount "46"]
[EventDate "2020.04.11"]
[EventRounds "9"]
[EventCountry "AUT"]

1. e4 d6 2. d4 Nf6 3. Nc3 e5 4. Nf3 Nbd7 5. h3 d5 6. exd5 exd4 7. Nxd4 Bb4 8.
Bc4 O-O 9. O-O Bxc3 10. bxc3 Nb6 11. Bb3 Nbxd5 12. Qf3 h6 13. Ba3 Re8 14. Rae1
c6 15. Nf5 Bxf5 16. Qxf5 Qc8 17. Qf3 Qd7 18. c4 Nc7 19. Rd1 Qc8 20. Bb2 Ne4 21.
Rfe1 Nc5 22. Qc3 Rxe1+ 23. Rxe1 Qf8  1/2-1/2

[Event "1. OEsterreichische Internet Schach Meisterschaft - Vorrunde 1"]
[Site "Online - Playchess.com"]
[Date ""]
[Round "6"]
[Board "44"]
[White "Fugger, Christian"]
[Black "Lerch, Johannes"]
[Result "0-1"]
[WhiteElo "1818"]
[BlackElo "2005"]
[PlyCount "102"]
[EventDate "2020.04.11"]
[EventRounds "9"]
[EventCountry "AUT"]

1. d4 d5 2. c4 e6 3. Nc3 c6 4. e3 f5 5. g3 Nf6 6. Bg2 Bd6 7. b3 Qe7 8. Nf3 O-O
9. O-O Nbd7 10. Bb2 Ne4 11. Rc1 Ndf6 12. Nd2 Nxc3 13. Bxc3 Bd7 14. f3 Be8 15.
e4 fxe4 16. fxe4 Bh5 17. Qe1 dxe4 18. Nxe4 Nxe4 19. Qxe4 Bg6 20. Qe2 Rae8 21.
Rce1 Rxf1+ 22. Rxf1 e5 23. dxe5 Bxe5 24. Qd2 Bxc3 25. Qxc3 Qe3+ 26. Qxe3 Rxe3
27. Rf3 Rxf3 28. Bxf3 Kf7 29. Kf2 Ke6 30. Ke3 Ke5 31. a3 Bc2 32. b4 Bb3 33. Kd3
Ba2 34. c5 Bb1+ 35. Kc3 Be4 36. Bg4 Bf5 37. Bf3 Be4 38. Bg4 Bf5 39. Bf3 g5 40.
a4 Be4 41. Bg4 Bf5 42. Bh5 Ke4 43. b5 Be6 44. Be8 Kd5 45. Kb4 Bc8 46. Bg6 hxg6
47. bxc6 bxc6 48. Ka5 Kxc5 49. h4 gxh4 50. gxh4 Kd6 51. h5 gxh5 {Grizzzly gibt
auf}  0-1

[Event "1. OEsterreichische Internet Schach Meisterschaft - Vorrunde 1"]
[Site "Online - Playchess.com"]
[Date ""]
[Round "6"]
[Board "45"]
[White "Kern, Michael"]
[Black "Heinritz, Dietmar"]
[Result "1-0"]
[WhiteElo "1957"]
[BlackElo "1887"]
[PlyCount "51"]
[EventDate "2020.04.11"]
[EventRounds "9"]
[EventCountry "AUT"]

1. d4 Nf6 2. Bf4 d5 3. e3 c5 4. c3 cxd4 5. exd4 Nc6 6. Nd2 Bf5 7. Ngf3 e6 8.
Qb3 Qb6 9. Qxb6 axb6 10. Bb5 Nd7 11. Ne5 Ndxe5 12. Bxe5 Ra5 13. a4 Kd8 14. Bg3
Be7 15. O-O Kd7 16. Nf3 f6 17. Rfe1 Bd6 18. Bxd6 Kxd6 19. Re2 Rha8 20. Rae1 Na7
21. Nh4 Nxb5 22. Nxf5+ exf5 23. axb5 Rxb5 24. Re6+ Kd7 25. Re7+ Kd8 26. Re8+ {
Drachen 1 gibt auf}  1-0

[Event "1. OEsterreichische Internet Schach Meisterschaft - Vorrunde 1"]
[Site "Online - Playchess.com"]
[Date ""]
[Round "6"]
[Board "47"]
[White "Glaner, Marcus Franz"]
[Black "Rotter, Harald"]
[Result "1-0"]
[WhiteElo "1939"]
[BlackElo "1854"]
[PlyCount "55"]
[EventDate "2020.04.11"]
[EventRounds "9"]
[EventCountry "AUT"]

1. e4 e6 2. Nf3 d5 3. e5 c5 4. b4 cxb4 5. d4 a6 6. a3 bxa3 7. c3 Nc6 8. Nxa3 b5
9. Nxb5 Rb8 10. Na3 Qa5 11. Nc2 Qxc3+ 12. Bd2 Qb2 13. Bxa6 Bxa6 14. Rxa6 Nb4
15. Nxb4 Bxb4 16. Qa4+ Kf8 17. Bxb4+ Qxb4+ 18. Qxb4+ Rxb4 19. O-O g6 20. Rc1
Kg7 21. h4 Nh6 22. Rc7 Rf8 23. Raa7 Nf5 24. Ng5 Nh6 25. Nxe6+ Kg8 26. Nxf8 Kxf8
27. e6 fxe6 28. Rxh7 {Harro gibt auf}  1-0

[Event "1. OEsterreichische Internet Schach Meisterschaft - Vorrunde 1"]
[Site "Online - Playchess.com"]
[Date ""]
[Round "6"]
[Board "48"]
[White "Chen, Qingxia"]
[Black "Enne, Harald"]
[Result "0-1"]
[WhiteElo "1776"]
[BlackElo "1916"]
[PlyCount "108"]
[EventDate "2020.04.11"]
[EventRounds "9"]
[EventCountry "AUT"]

1. e4 c5 2. Nf3 d6 3. Bc4 e6 4. c3 Nc6 5. O-O Nf6 6. Re1 Qc7 7. h3 a6 8. d3 b5
9. Bb3 Be7 10. Nbd2 O-O 11. Nf1 a5 12. Ng3 a4 13. Bc2 e5 14. a3 h6 15. Nf5 Bxf5
16. exf5 d5 17. c4 dxc4 18. dxc4 bxc4 19. Qe2 Nd4 20. Qxc4 Nxf3+ 21. gxf3 Rfd8
22. Be3 Qc6 23. Kg2 e4 24. Bxe4 Nxe4 25. fxe4 Qf6 26. Rab1 Qh4 27. Rg1 Bd6 28.
Rh1 Re8 29. f3 Qg3+ 30. Kf1 Qxf3+ 31. Ke1 Qxh1+ 32. Ke2 Qxb1 33. Kf3 Qxb2 34.
Bxc5 Bxc5 35. Qxc5 Qe5 36. Qe3 Qxe4+ 37. Qxe4 Rxe4 38. Kxe4 f6 39. Kf4 Ra5 40.
h4 h5 41. Ke4 Kf7 42. Kf4 Rc5 43. Ke4 Rc4+ 44. Kd5 Rxh4 45. Kc5 Rf4 46. Kb5 h4
47. Kc5 h3 48. Kb5 h2 49. Kb6 h1=Q 50. Kb5 Rxf5+ 51. Kxa4 Qe4+ 52. Kb3 Rf3+ 53.
Kb2 Qe2+ 54. Kc1 Rf1#  0-1

[Event "1. OEsterreichische Internet Schach Meisterschaft - Vorrunde 1"]
[Site "Online - Playchess.com"]
[Date ""]
[Round "6"]
[Board "49"]
[White "Wischounig, Laurin"]
[Black "Messner, Andreas"]
[Result "1/2-1/2"]
[WhiteElo "1878"]
[BlackElo "1856"]
[PlyCount "140"]
[EventDate "2020.04.11"]
[EventRounds "9"]
[EventCountry "AUT"]

1. d4 Nf6 2. c4 e6 3. Nf3 b6 4. g3 Bb7 5. Bg2 Be7 6. O-O O-O 7. Nc3 d5 8. Ne5
c6 9. Qc2 Nbd7 10. e4 dxe4 11. Rd1 Rc8 12. Nxe4 Nxe4 13. Nxd7 Qxd7 14. Qxe4 Bf6
15. Bf4 Ba6 16. c5 Rfd8 17. Bd6 Bc4 18. b4 Bd5 19. Qe3 Bxg2 20. Kxg2 b5 21. f4
Ra8 22. a4 a6 23. a5 Re8 24. Ra2 Be7 25. Bxe7 Rxe7 26. Rad2 Qd5+ 27. Kf2 Rae8
28. Qe5 Rd7 29. Qxd5 Rxd5 30. Ke3 f6 31. Ke4 Kf7 32. Rf2 Red8 33. g4 g6 34. h4
h6 35. Rf3 f5+ 36. gxf5 exf5+ 37. Ke3 Re8+ 38. Kd3 Re4 39. Kc3 Kf6 40. Rd2 g5
41. hxg5+ hxg5 42. fxg5+ Kxg5 43. Rg2+ Rg4 44. Rd2 f4 45. Rdd3 Rg1 46. Rd2 Rg3
47. Rdd3 Rxf3 48. Rxf3 Kg4 49. Rf1 f3 50. Kd3 Kf4 51. Rf2 Rd7 52. Rf1 Re7 53.
d5 Re3+ 54. Kd2 cxd5 55. Rh1 Re6 56. Rh8 Rf6 57. Rh1 f2 58. Rf1 Kf3 59. Kd3 Re6
60. Kd4 Re1 61. Rxf2+ Kxf2 62. Kxd5 Rb1 63. c6 Rxb4 64. c7 Rc4 65. Kd6 b4 66.
Kd7 b3 67. c8=Q Rxc8 68. Kxc8 b2 69. Kb7 b1=Q+ 70. Kxa6 Qb8  1/2-1/2

[Event "1. OEsterreichische Internet Schach Meisterschaft - Vorrunde 1"]
[Site "Online - Playchess.com"]
[Date ""]
[Round "6"]
[Board "50"]
[White "Wiedermann, Daniel"]
[Black "Ofner, Maximilian"]
[Result "0-1"]
[WhiteElo "2048"]
[BlackElo "2177"]
[PlyCount "72"]
[EventDate "2020.04.11"]
[EventRounds "9"]
[EventCountry "AUT"]

1. d4 d5 2. c4 e6 3. Nc3 Nf6 4. cxd5 exd5 5. Bg5 Be7 6. Qc2 c6 7. e3 Nbd7 8.
Bd3 Nh5 9. Bxe7 Qxe7 10. Nge2 g6 11. Ng3 Nxg3 12. hxg3 Nb6 13. O-O-O h5 14. Kb1
Bd7 15. Rc1 O-O-O 16. Qb3 Kb8 17. a4 h4 18. gxh4 Rxh4 19. Rxh4 Qxh4 20. g3 Qf6
21. a5 Nc4 22. Rc2 Bf5 23. a6 b6 24. e4 Qxd4 25. exf5 Qxd3 26. fxg6 Nd2+ 27.
Ka2 Nxb3 28. Kxb3 Qc4+ 29. Ka3 Qxa6+ 30. Na4 b5 31. b3 bxa4 32. gxf7 axb3+ 33.
Kxb3 Kc7 34. Ra2 Qc4+ 35. Kb2 Rb8+ 36. Ka1 Qc1#  0-1

[Event "1. OEsterreichische Internet Schach Meisterschaft - Vorrunde 1"]
[Site "Online - Playchess.com"]
[Date ""]
[Round "6"]
[Board "51"]
[White "Nolz, Tom"]
[Black "Ploeckinger, Paul"]
[Result "1-0"]
[WhiteElo "2157"]
[BlackElo "1334"]
[PlyCount "71"]
[EventDate "2020.04.11"]
[EventRounds "9"]
[EventCountry "AUT"]

1. Nf3 Nf6 2. g3 g6 3. Bg2 Bg7 4. O-O O-O 5. c4 e6 6. d4 d5 7. b3 dxc4 8. bxc4
c6 9. Nbd2 Qc7 10. Nb3 Nbd7 11. Bf4 Qd8 12. Bd6 Re8 13. Ne5 Nxe5 14. dxe5 Ng4
15. Qd4 Nh6 16. g4 Qb6 17. Nc5 Rd8 18. Rab1 Qa5 19. Nxb7 Bxb7 20. Rxb7 Bf8 21.
c5 Qa6 22. Rfb1 Bxd6 23. exd6 Qxe2 24. Qf4 Qxg4 25. Qxh6 Rf8 26. h3 Qf5 27. Qe3
e5 28. Bxc6 Rac8 29. Bd5 Kg7 30. c6 e4 31. Qd4+ Kg8 32. Qxe4 Qg5+ 33. Kh2 Qh5
34. d7 Rcd8 35. c7 Ra8 36. Rb8 {Zeit}  1-0

[Event "1. OEsterreichische Internet Schach Meisterschaft - Vorrunde 1"]
[Site "Online - Playchess.com"]
[Date ""]
[Round "6"]
[Board "52"]
[White "Balint, Peter"]
[Black "Schwabeneder, Alois"]
[Result "1-0"]
[WhiteElo "2105"]
[BlackElo "2004"]
[PlyCount "41"]
[EventDate "2020.04.11"]
[EventRounds "9"]
[EventCountry "AUT"]

1. e4 d5 2. exd5 Qxd5 3. Nc3 Qa5 4. d4 Nf6 5. Nf3 Bf5 6. Be3 e6 7. Bd3 Bg6 8.
O-O Nbd7 9. a3 c6 10. Ne2 Qc7 11. Ng3 Bd6 12. c4 Ng4 13. Bc1 O-O-O 14. b4 Ndf6
15. c5 Bxg3 16. hxg3 Be4 17. Bf4 Qd7 18. Bxe4 Nxe4 19. Qa4 a6 20. Rac1 Qxd4 21.
Nxd4  1-0

[Event "1. OEsterreichische Internet Schach Meisterschaft - Vorrunde 1"]
[Site "Online - Playchess.com"]
[Date ""]
[Round "6"]
[Board "53"]
[White "Tischler, Michel"]
[Black "Mira, Helene"]
[Result "0-1"]
[WhiteElo "1517"]
[BlackElo "2082"]
[PlyCount "100"]
[EventDate "2020.04.11"]
[EventRounds "9"]
[EventCountry "AUT"]

1. e4 e5 2. Nf3 Nc6 3. Bb5 a6 4. Ba4 Nf6 5. O-O Be7 6. c3 O-O 7. Re1 b5 8. Bc2
d6 9. h3 Be6 10. d4 Nb8 11. Bg5 exd4 12. cxd4 c5 13. d5 Bc8 14. Nc3 Nbd7 15. e5
Nxe5 16. Nxe5 dxe5 17. Rxe5 Bd6 18. Re3 h6 19. Bh4 g5 20. Bg3 Bxg3 21. Rxg3 b4
22. Ne4 Nxe4 23. Bxe4 f5 24. Bc2 f4 25. Rd3 Bf5 26. Rd2 Qd6 27. Bxf5 Rxf5 28.
Qc2 Re5 29. Rc1 Rc8 30. Qc4 Kg7 31. Rcd1 Kf6 32. Re2 Rce8 33. Rde1 Rxe2 34.
Rxe2 Rxe2 35. Qxe2 Qxd5 36. Qxa6+ Kg7 37. Qa7+ Kg6 38. Qb6+ Kh5 39. a4 bxa3 40.
bxa3 c4 41. Kh2 c3 42. Qf6 c2 43. Qe7 Qd2 44. Qe8+ Kh4 45. Qh8 h5 46. Qe5 Qxf2
47. Qc3 Qg3+ 48. Kh1 Qxc3 49. Kh2 Qg3+ 50. Kh1 c1=Q#  0-1

[Event "1. OEsterreichische Internet Schach Meisterschaft - Vorrunde 1"]
[Site "Online - Playchess.com"]
[Date ""]
[Round "6"]
[Board "54"]
[White "Pernerstorfer, Markus"]
[Black "Putz, Georg"]
[Result "1/2-1/2"]
[WhiteElo "1582"]
[BlackElo "2071"]
[PlyCount "129"]
[EventDate "2020.04.11"]
[EventRounds "9"]
[EventCountry "AUT"]

1. e4 c5 2. Nf3 d6 3. d4 cxd4 4. Nxd4 Nf6 5. Nc3 g6 6. Be3 Bg7 7. f3 O-O 8. Qd2
Nc6 9. Bc4 Nxd4 10. Bxd4 Be6 11. Nd5 Nxd5 12. Bxg7 Kxg7 13. exd5 Bd7 14. Qd4+
f6 15. O-O-O b5 16. Bd3 Qb6 17. Qe4 Rf7 18. g4 f5 19. Qe2 fxg4 20. fxg4 Qf2 21.
Rdf1 Qxe2 22. Rxf7+ Kxf7 23. Bxe2 Rc8 24. Rf1+ Kg7 25. Kd2 Rc5 26. Bf3 b4 27.
Re1 Kf8 28. c3 bxc3+ 29. bxc3 Rc4 30. h3 Rf4 31. Be2 Ke8 32. Rb1 Ra4 33. Rb8+
Kf7 34. Rb2 e6 35. Bd1 Ra5 36. dxe6+ Bxe6 37. Rb7+ Kf6 38. Bb3 Bxb3 39. axb3
Ra2+ 40. Kd3 h5 41. gxh5 gxh5 42. Rd7 Ra6 43. Rh7 Kg6 44. Rh8 Rb6 45. b4 Kg5
46. Re8 Kh4 47. Re3 Rc6 48. Kd4 Ra6 49. b5 Ra4+ 50. c4 a6 51. bxa6 Rxa6 52. Kd5
Ra4 53. Rb3 Ra6 54. Rd3 Ra4 55. Re3 Rb4 56. Ra3 Rb6 57. Ra4 Kxh3 58. Ra8 h4 59.
Rd8 Kh2 60. Rxd6 Rxd6+ 61. Kxd6 h3 62. c5 Kg2 63. c6 h2 64. c7 h1=Q 65. c8=Q
 1/2-1/2

[Event "1. OEsterreichische Internet Schach Meisterschaft - Vorrunde 1"]
[Site "Online - Playchess.com"]
[Date ""]
[Round "6"]
[Board "55"]
[White "Kwech, Martin"]
[Black "Leaua, Cristinel-Costel"]
[Result "0-1"]
[WhiteElo "1105"]
[BlackElo "2045"]
[PlyCount "86"]
[EventDate "2020.04.11"]
[EventRounds "9"]
[EventCountry "AUT"]

1. d4 Nf6 2. Bf4 e6 3. Nf3 c5 4. e3 Nc6 5. Nbd2 a6 6. c3 cxd4 7. exd4 d6 8. Bd3
Be7 9. O-O b5 10. Bc2 Bb7 11. h3 Rc8 12. Re1 O-O 13. Nf1 Re8 14. Qd3 Bf8 15.
Bg5 g6 16. Ng3 Bg7 17. a4 b4 18. Qd2 Ne7 19. Bh6 bxc3 20. bxc3 Bxf3 21. gxf3
Bxh6 22. Qxh6 Rxc3 23. Be4 d5 24. Bb1 Rxf3 25. Bc2 Qc7 26. Bd1 Rxg3+ 27. fxg3
Qxg3+ 28. Kf1 Nf5 29. Qd2 Qxh3+ 30. Qg2 Qd3+ 31. Be2 Ne3+ 32. Kf2 Qxd4 33. Qf3
Nc2+ 34. Kf1 Nxa1 35. Rxa1 Qxa1+ 36. Kf2 Ne4+ 37. Ke3 Qc3+ 38. Bd3 f5 39. Qd1
e5 40. a5 Nc5 41. Ke2 Nxd3 42. Qxd3 Qxd3+ 43. Kxd3 Rc8  0-1

[Event "1. OEsterreichische Internet Schach Meisterschaft - Vorrunde 1"]
[Site "Online - Playchess.com"]
[Date ""]
[Round "6"]
[Board "56"]
[White "Breneis, Gerhard"]
[Black "Pasteiner, Gernot"]
[Result "1-0"]
[WhiteElo "1990"]
[BlackElo "1632"]
[PlyCount "61"]
[EventDate "2020.04.11"]
[EventRounds "9"]
[EventCountry "AUT"]

1. e4 d5 2. e5 c5 3. c4 Nc6 4. f4 Bf5 5. cxd5 Qxd5 6. Nc3 Qd8 7. g4 Be6 8. Bg2
Nh6 9. f5 Bd7 10. d3 Qc7 11. Bf4 Qb6 12. Nd5 Qa5+ 13. Bd2 Qd8 14. Bf4 Qa5+ 15.
Bd2 Qd8 16. Bc3 e6 17. fxe6 Bxe6 18. Nf4 Bxg4 19. Qa4 Qh4+ 20. Kf1 Nf5 21.
Bxc6+ bxc6 22. Qxc6+ Ke7 23. Nd5+ Kd8 24. Qxa8+ Kd7 25. Qb7+ Ke8 26. Qc8+ Qd8
27. Qc6+ Qd7 28. Qxd7+ Kxd7 29. h3 Bh5 30. Kg2 Ke6 31. Nf4+ {Scoville gibt auf}
 1-0

[Event "1. OEsterreichische Internet Schach Meisterschaft - Vorrunde 1"]
[Site "Online - Playchess.com"]
[Date ""]
[Round "6"]
[Board "57"]
[White "Doujak, Gabriel Andreas"]
[Black "Kuzmanovic, Zeljko"]
[Result "1-0"]
[WhiteElo "1980"]
[BlackElo "1811"]
[PlyCount "57"]
[EventDate "2020.04.11"]
[EventRounds "9"]
[EventCountry "AUT"]

1. e4 d6 2. d4 Nf6 3. Nc3 g6 4. Be3 Bg7 5. f3 O-O 6. Qd2 Nc6 7. Bc4 e5 8. Nge2
Re8 9. O-O-O a6 10. g4 b5 11. Bb3 Rb8 12. h4 Na5 13. g5 Nh5 14. a4 Nxb3+ 15.
cxb3 bxa4 16. bxa4 Bd7 17. Rdg1 Rb4 18. Nd5 Rxa4 19. Ng3 exd4 20. Bf2 c6 21.
Nxh5 gxh5 22. Nf6+ Bxf6 23. gxf6+ Kh8 24. Qh6 Ra1+ 25. Kc2 Rxg1 26. Rxg1 Rg8
27. Rg7 Qxf6 28. Qxf6 Rxg7 29. Bxd4 {Shalk84 gibt auf}  1-0

[Event "1. OEsterreichische Internet Schach Meisterschaft - Vorrunde 1"]
[Site "Online - Playchess.com"]
[Date ""]
[Round "6"]
[Board "58"]
[White "Reyhani, Adel"]
[Black "Huber, Guenther"]
[Result "0-1"]
[WhiteElo "1918"]
[BlackElo "1979"]
[PlyCount "84"]
[EventDate "2020.04.11"]
[EventRounds "9"]
[EventCountry "AUT"]

1. e4 e6 2. d4 b6 3. Nc3 Bb7 4. f3 Bb4 5. Be3 Nh6 6. Qd2 f5 7. h4 Nf7 8. Bd3
fxe4 9. fxe4 O-O 10. Nf3 Nd6 11. Bg5 Qe8 12. Qe2 Bxc3+ 13. bxc3 Nf7 14. Bd2 d6
15. c4 Nd7 16. a4 a5 17. O-O e5 18. c3 Qe6 19. Ng5 Nxg5 20. Bxg5 Nf6 21. c5 Qg4
22. Bxf6 Qxe2 23. Bxe2 Rxf6 24. Rxf6 gxf6 25. cxb6 cxb6 26. Bd3 Rc8 27. Rc1
exd4 28. c4 Re8 29. Re1 f5 30. c5 fxe4 31. Bb5 Re6 32. c6 Bc8 33. Bc4 e3 34.
Kh2 Kf7 35. Bxe6+ Kxe6 36. Kg3 Ke5 37. c7 Ke4 38. Rf1 e2 39. Re1 Ke3 40. Rb1 d3
41. h5 d2 42. Rb3+ Kd4  0-1

[Event "1. OEsterreichische Internet Schach Meisterschaft - Vorrunde 1"]
[Site "Online - Playchess.com"]
[Date ""]
[Round "6"]
[Board "59"]
[White "Schneider-Zinner, Werner"]
[Black "Huliak, Peter"]
[Result "1-0"]
[WhiteElo "1967"]
[BlackElo "1958"]
[PlyCount "112"]
[EventDate "2020.04.11"]
[EventRounds "9"]
[EventCountry "AUT"]

1. d4 Nf6 2. Nf3 g6 3. Bf4 Bg7 4. e3 d5 5. h3 O-O 6. Be2 Nbd7 7. O-O c5 8. c3
cxd4 9. exd4 e6 10. Nbd2 a6 11. Ne5 Nxe5 12. Bxe5 Qb6 13. Qb3 Qxb3 14. axb3 Bd7
15. b4 Rac8 16. Nb3 Ne4 17. Bxg7 Kxg7 18. Nc5 Nxc5 19. bxc5 Bc6 20. f4 f5 21.
b4 Kf6 22. Ra5 Rf7 23. b5 axb5 24. Bxb5 Rfc7 25. Rfa1 h6 26. Bxc6 bxc6 27. Ra8
g5 28. g3 gxf4 29. gxf4 Kg6 30. R1a7 Rxa7 31. Rxa7 Kf6 32. Kf2 Kg6 33. Re7 Kf6
34. Rh7 Kg6 35. Rd7 Kf6 36. Rd6 Rc7 37. Kg3 Ke7 38. Kh4 Kf6 39. Kh5 Rc8 40. h4
Rc7 41. Rd8 Kg7 42. Re8 Kf6 43. Rh8 Rg7 44. Rxh6+ Kf7 45. Rh8 Ke7 46. Ra8 Kf6
47. Kh6 Rg6+ 48. Kh7 Rg4 49. h5 Rg7+ 50. Kh8 Rf7 51. h6 Kg6 52. Rc8 Kxh6 53.
Kg8 Rg7+ 54. Kf8 Kg6 55. Rxc6 Kf6 56. Rxe6+ Kxe6  1-0

[Event "1. OEsterreichische Internet Schach Meisterschaft - Vorrunde 1"]
[Site "Online - Playchess.com"]
[Date ""]
[Round "6"]
[Board "60"]
[White "Gallob, Marko"]
[Black "Kanzian, Heinz"]
[Result "1-0"]
[WhiteElo "1961"]
[BlackElo "1642"]
[PlyCount "79"]
[EventDate "2020.04.11"]
[EventRounds "9"]
[EventCountry "AUT"]

1. e4 e5 2. Nf3 d6 3. Nc3 Be7 4. d4 exd4 5. Nxd4 Bf6 6. Be3 Ne7 7. Bc4 O-O 8.
O-O Nbc6 9. f4 Nxd4 10. Bxd4 Bxd4+ 11. Qxd4 Nc6 12. Qd2 Be6 13. Be2 a6 14. Bf3
Rb8 15. b3 f5 16. Rae1 fxe4 17. Nxe4 Bd5 18. Qxd5+ Kh8 19. Ng5 Qf6 20. Bh5 h6
21. Re6 Qd4+ 22. Qxd4 Nxd4 23. Nf7+ Kg8 24. Re7 Nf5 25. Rxc7 b5 26. Rd7 Ne3 27.
Rf2 Rbe8 28. Nxd6 Re6 29. f5 Ref6 30. Ne4 Rc6 31. c3 Nd1 32. Rfd2 Ne3 33. f6
gxf6 34. Bf3 Nf5 35. Ng3 Nxg3 36. hxg3 Re6 37. Bd5 Rfe8 38. Re2 Kf8 39. Rxe6
Rxe6 40. Bxe6 {HeinzK gibt auf}  1-0

[Event "1. OEsterreichische Internet Schach Meisterschaft - Vorrunde 1"]
[Site "Online - Playchess.com"]
[Date ""]
[Round "6"]
[Board "61"]
[White "Schroettner, Martin"]
[Black "Haemmerle, Dietmar"]
[Result "1-0"]
[WhiteElo "1934"]
[BlackElo "1762"]
[PlyCount "59"]
[EventDate "2020.04.11"]
[EventRounds "9"]
[EventCountry "AUT"]

1. Nf3 Nf6 2. c4 g6 3. Nc3 Bg7 4. d4 e6 5. e4 O-O 6. e5 Ne8 7. h4 f6 8. h5 g5
9. exf6 Bxf6 10. Bd3 h6 11. Be3 Ng7 12. g4 d5 13. cxd5 exd5 14. Ne5 Bxe5 15.
dxe5 Qe7 16. Bd4 Rf4 17. Bg6 Bxg4 18. Qd3 Bf5 19. Bxf5 Nxf5 20. Nxd5 Qd7 21.
Nxf4 Nxd4 22. Qg6+ Kf8 23. Qxh6+ Qg7 24. Ng6+ Kg8 25. Qxg5 Nc2+ 26. Kf1 Nxa1
27. h6 Qd7 28. h7+ Kf7 29. Qf6+ Ke8 30. h8=Q#  1-0

[Event "1. OEsterreichische Internet Schach Meisterschaft - Vorrunde 1"]
[Site "Online - Playchess.com"]
[Date ""]
[Round "6"]
[Board "62"]
[White "Keim, Philipp"]
[Black "Pedevilla, Luis"]
[Result "1-0"]
[WhiteElo "1919"]
[BlackElo "1650"]
[PlyCount "51"]
[EventDate "2020.04.11"]
[EventRounds "9"]
[EventCountry "AUT"]

1. Nf3 c5 2. g3 Nc6 3. Bg2 g6 4. O-O Bg7 5. c4 e6 6. Nc3 Nge7 7. e3 O-O 8. d4
cxd4 9. exd4 d5 10. b3 dxc4 11. bxc4 Nxd4 12. Bb2 e5 13. Re1 Bg4 14. h3 Bxf3
15. Bxf3 Nxf3+ 16. Qxf3 Nc6 17. Nd5 Rb8 18. Rad1 Qa5 19. a3 e4 20. Nf6+ Kh8 21.
Rxe4 Rbd8 22. Rxd8 Qxd8 23. Rh4 h5 24. Rxh5+ Bh6 25. Rxh6+ Kg7 26. Rh7#  1-0

[Event "1. OEsterreichische Internet Schach Meisterschaft - Vorrunde 1"]
[Site "Online - Playchess.com"]
[Date ""]
[Round "6"]
[Board "63"]
[White "Friedl, Markus"]
[Black "Lammer, Michael"]
[Result "0-1"]
[WhiteElo "1857"]
[BlackElo "1499"]
[PlyCount "82"]
[EventDate "2020.04.11"]
[EventRounds "9"]
[EventCountry "AUT"]

1. e4 e5 2. Nf3 d6 3. Bc4 Be6 4. Bxe6 fxe6 5. d3 Nf6 6. Bg5 Nc6 7. O-O Qd7 8.
c3 O-O-O 9. b4 h6 10. Be3 Ng4 11. a4 Nxe3 12. fxe3 d5 13. exd5 Qxd5 14. d4 exd4
15. exd4 e5 16. Nbd2 exd4 17. cxd4 Nxd4 18. Kh1 Nxf3 19. Nxf3 Qxd1 20. Raxd1
Rxd1 21. Rxd1 Bxb4 22. Ne5 c6 23. h3 Re8 24. Nf3 Re2 25. Rd4 Bc5 26. Rg4 g5 27.
Rc4 Bf2 28. Kh2 Ra2 29. Ne5 Ra1 30. Nf7 h5 31. Nxg5 h4 32. Ne4 Bg1+ 33. Kh1
Bf2+ 34. Kh2 Bg1+ 35. Kh1 Bd4+ 36. Kh2 Be5+ 37. g3 hxg3+ 38. Kg2 Ra2+ 39. Kg1
g2 40. Ng5 Bc7 41. Nf3 Bb6+  0-1